Залиршагүй зам (Запись № 13698629)
[ простой вид ]
| 000 -МАРКЕР | |
|---|---|
| контрольное поле | 01849nam0a2200325 4500 |
| 001 - ИДЕНТИФИКАТОР ЗАПИСИ | |
| контрольное поле | RU\NLR\BIBL_A\022792842 |
| 005 - ИДЕНТИФИКАТОР ВЕРСИИ | |
| контрольное поле | 20260426081232.0 |
| 010 ## - МЕЖДУНАРОДНЫЙ СТАНДАРТНЫЙ НОМЕР КНИГИ (ISBN) | |
| Номер (ISBN) | 978-5-91407-384-5 |
| Тираж | 300 |
| 021 ## - НОМЕР ГОСУДАРСТВЕННОЙ РЕГИСТРАЦИИ | |
| Код страны | российская федерация |
| 035 ## - ДРУГИЕ СИСТЕМНЫЕ НОМЕРА | |
| Идентификатор записи | (NLR Aleph) 022792842 |
| 100 ## - ДАННЫЕ ОБЩЕЙ ОБРАБОТКИ | |
| Данные общей обработки | 20260422d2024 m y0rusy50 ca |
| 101 0# - ЯЗЫК РЕСУРСА | |
| Язык текста, звукозаписи и т.д. | бурятский |
| 102 ## - СТРАНА ПУБЛИКАЦИИ ИЛИ ПРОИЗВОДСТВА | |
| Страна публикации | российская федерация |
| 105 ## - ПОЛЕ КОДИРОВАННЫХ ДАННЫХ: ТЕКСТОВЫЕ МАТЕРИАЛЫ, МОНОГРАФИЧЕСКИЕ | |
| Кодированные данные о монографическом текстовом документе | ac z 000yy |
| 200 1# - ЗАГЛАВИЕ И СВЕДЕНИЯ ОБ ОТВЕТСТВЕННОСТИ | |
| Основное заглавие | Залиршагүй зам |
| Сведения, относящиеся к заглавию | Буряад Уласай арадай поэт Арсалан Жамбаловича Жамбалоной (Жамбаловай) 100 жэлэй ойдо зорюулагдана |
| Первые сведения об ответственности | Арсалан Жамбалон |
| Последующие сведения об ответственности | Редактор, составитель Баярма Арсалановна Жамбалова |
| Язык параллельного заглавия | бурятский |
| 210 ## - ПУБЛИКАЦИЯ, РАСПРОСТРАНЕНИЕ И ДР. | |
| Место издания, распространения и т.д. | Улаан-Үдэ |
| Имя издателя, распространителя и т. д. | Республиканская тип. |
| Дата издания, распространения и т.д. | 2024 |
| 215 ## - ФИЗИЧЕСКАЯ ХАРАКТЕРИСТИКА | |
| Специфическое обозначение материала и объем | 303 с |
| Другие сведения о физической характеристике | ил., портр., цв. портр. |
| Размеры | 21 |
| 300 ## - ОБЩИЕ ПРИМЕЧАНИЯ | |
| Текст примечания | На 3-й с. авт.: Арсалан Жамбалович Жамбалон (Жамбалов), поэт, пер., журн., засл. работник культуры РСФСР, Почет. гражданин Чит. обл. |
| 333 ## - ПРИМЕЧАНИЯ ОБ ОСОБЕННОСТЯХ РАСПРОСТРАНЕНИЯ И ИСПОЛЬЗОВАНИЯ | |
| Текст примечания | 16+ |
| 541 1# - ПЕРЕВОД ЗАГЛАВИЯ, СДЕЛАННЫЙ КАТАЛОГИЗАТОРОМ | |
| Заглавие | Залиршагүй зам |
| Сведения, относящиеся к заглавию | Посвящается 100-летию со дня рождения бурятского, забайкальского, советского, российского прозаика, поэта Арсалана Жамбаловича Жамбалона (Жамбалова) 1924-2011 |
| Язык заглавия | русский |
| 686 2# - ИНДЕКСЫ ДРУГИХ КЛАССИФИКАЦИЙ | |
| Индекс | Ш5(2=Бу)64-6я44 |
| 700 #1 - ИМЯ ЛИЦА - ПЕРВИЧНАЯ ОТВЕТСТВЕННОСТЬ | |
| Код отношения | Автор |
| Графика поля | Кириллица |
| Материалы, к которым относится поле | rus |
| Начальный элемент ввода | Жамбалон |
| Часть имени, кроме начального элемента ввода | А. |
| Даты | 1924-2011 |
| Расширение инициалов личного имени | Арсалан |
| Системный номер авторитетной/нормативной записи | 119651 |
| Идентификатор авторитетной/нормативной записи | RU\NLR\AUTH\779852 |
| 702 #1 - ИМЯ ЛИЦА - ВТОРИЧНАЯ ОТВЕТСТВЕННОСТЬ | |
| Начальный элемент ввода | Жамбалова |
| Часть имени, кроме начального элемента ввода | Б. А. |
| Расширение инициалов личного имени | Баярма Арсалановна |
| Код отношения | Редактор |
| -- | Составитель |
| 852 ## - МЕСТОНАХОЖДЕНИЕ И ШИФР ХРАНЕНИЯ | |
| Идентификатор организации | NLR |
| Наименование фонда или коллекции (Sub-Location Identifier) | ОНЛ |
| Шифр хранения (Call Number) | Бур./3-1906 |
| 942 ## - ДОПОЛНИТЕЛЬНЫЕ ЭЛЕМЕНТЫ ЗАПИСИ (АБИС) | |
| Тип экземпляра АБИС | Книга |
| 980 ## - КОЛЛЕКЦИЯ | |
| Название коллекции | НБР |
| 980 ## - КОЛЛЕКЦИЯ | |
| Название коллекции | Национальная библиография |
Нет доступных экземпляров.